| 000 | 00557nam a22001697a 4500 | ||
|---|---|---|---|
| 003 | 0 | ||
| 005 | 20231106142800.0 | ||
| 008 | 221028b xxu||||| |||| 00| 0 eng d | ||
| 050 |
_aLB1060 _b.F55 2022 |
||
| 100 | _aMark Bryan B. Filio | ||
| 245 |
_aMemory functions and multi-tasking capability on work from home parents _cMark Bryan B. Filio |
||
| 260 |
_aLas Pinas City, Philippines _bSouthville International School and Colleges _cC2022 |
||
| 300 |
_aix,74pp. _c28cm. _fBooks |
||
| 500 | _aMemory functions. | ||
| 500 | _aMulti-tasking. | ||
| 942 |
_2lcc _cTH |
||
| 999 |
_c364873 _d364873 |
||